000
00330 a2200157 4500
001
164383
020
_a
040
_c
Magnum
100
_a
Codo, Wanderley
240
1
0
_a
O que e corpo(latria)
_l
por
245
1
0
_a
O que e corpo(latria)
362
0
_a
1899
440
1
_a
Brasiliense
697
_a
EDUCACAO FISICA
942
_c
BK
999
_c
164383
_d
164383